000 00445nam a2200181Ia 4500
005 20250603145446.0
008 250603s9999 xx 000 0 und d
020 _a9780323627
050 _aHD 9577.N52 .T36/
100 _aTamuno, Tekena N.
245 0 _aOil wars in Niger Delta (1849 - 2009)
260 _aIbadan
260 _bStirling-Horden Publishers Limited
260 _c2011
300 _a338 p
650 _aIbadan
942 _cBK
999 _c41918
_d41918